000 00861nam a2200229Ii 4500
003 JO-AjNU
008 230605s9999||||xx |||||||||||||| ||und||
017 _a1985/1/39
040 _aJO-AjNU
_bara
_erda
_cJO-AjNU
041 _aara
050 1 4 _aPJ7632.J6.K8788 1988
100 3 _aتأليف الكردي،محمد علي صويري,
_eauthor
_914698
245 0 0 _aالأردن في أشعار العرب
250 _aط1
264 3 1 _aعمان:وزارة الثقافة والتراث القومي،1988
300 _a136ص
336 _atext
_btxt
_2rdacontent
337 _aunmediated
_bn
_2rdamedia
338 _avolume
_bnc
_2rdacarrier
490 0 _aمنشورات وزارة الثقافة والتراث القومي 6
650 4 _aالأردن في الشعر العربي - الشعر العربي - الأردن - تاريخ ونقد
_914699
999 _aA3981
_c7549
_d7549